000 00312nam a22001337a 4500
008 170404b xxu||||| |||| 00| 0 eng d
020 _a9780136044352
041 _aeng
080 _a574
100 _a9
101 _aSHM
245 _aDIRE PREDICITONS/ UNDERSTANDING GLOBAL WARMING
_cMANN, M.E
942 _2udc
_cBK
999 _c9650
_d9650